00441nam a2200145Ia 4500008004100000041000800041082001200049100001500061245001800076260003100094300002400125365001100149999001700160952011800177240624s9999 xx 000 0 und d aeng a823 COO aCOOK ROBIN aDEATH BENEFIT c2011aNew DelhibMacmillan a418 : p. : cm. ; 23 cRSb25 c19874d19874 00104070aIMTNbIMTNcRack 40-Ad2012-10-03eAPg499.00o823 COOp19874r2024-06-24 00:00:00t1w2024-06-24yBK